=LDR 00000nam 2200000 4500 =001 INLIS000000000027307 =005 20130612125707 =008 ***********************************Ind** =035 ##$$0010-061300000027307 =041 ##$$a Ind =082 ##$$a 330.07 =090 ##$$a 330.07, Sur i =100 ##$$a Suroso =245 ##$$a Ilmu pengetahuan sosial:Ekonomi untuk SMP dan MTS, Surono,rendro adi widigdo;Editor,Fahruddin =260 ##$$a 2007 $b Solo =300 ##$$a Jil, ilus, 25 cm =650 ##$$a EKONOMI, STUDI DAN PENGAJARAN =850 ##$$a NBPNMAT